Ámbitos y criterios de la calidad pedagógica / (Record no. 121673)

MARC details
000 -CABECERA
campo de control de longitud fija 00545nam a2200181 a 4500
005 - FECHA Y HORA DE LA ÚLTIMA TRANSACCIÓN
campo de control 20240420064022.0
008 - ELEMENTOS DE LONGITUD FIJA--INFORMACIÓN GENERAL
campo de control de longitud fija 070226s2003 mx r 000 0 spa d
020 ## - NÚMERO INTERNACIONAL NORMALIZADO PARA LIBROS
Número Internacional Estándar del Libro 8427125682
035 ## - NÚMERO DE CONTROL DEL SISTEMA
Número de control de sistema UPN01000149532
049 ## - COLECCIÓN
Colección CG
050 #4 - SIGNATURA TOPOGRÁFICA DE LA BIBLIOTECA DEL CONGRESO
Número de clasificación LB2838
Número de documento/Ítem A4.2
245 00 - MENCIÓN DE TÍTULO
Título Ámbitos y criterios de la calidad pedagógica /
Mención de responsabilidad, etc. Aurelio Villa Sánchez ... [et al.].
260 ## - PUBLICACIÓN, DISTRIBUCIÓN, ETC.
Lugar de publicación, distribución, etc. Bilbao, Esp. :
Nombre del editor, distribuidor, etc. Mensajero,
Fecha de publicación, distribución, etc. 2003.
300 ## - DESCRIPCIÓN FÍSICA
Extensión 180 p.
650 #4 - ASIENTO SECUNDARIO DE MATERIA - TERMINO TEMATICO
Término de materia o nombre geográfico como elemento de entrada Calidad de la educación
9 (RLIN) 4684
700 1# - ASIENTO SECUNDARIO--NOMBRE DE PERSONAL
Nombre de persona Villa Sánchez, Aurelio
Término indicativo de función/relación coaut.
9 (RLIN) 29626
905 ## - TIPO DE MATERIAL
Tipo de material Libro
Holdings
Estado de retiro Estado de pérdida Fuente del sistema de clasificación o colocación Estado dañado No para préstamo Código de colección Localización permanente Ubicación/localización actual Ubicación en estantería Fecha de adquisición Total de préstamos Clasificación Código de barras Fecha visto por última vez Fecha del último préstamo Número de copia Tipo de ítem Koha
    Library of Congress Classification     Colección General Bib. Gregorio Torres Quintero Bib. Gregorio Torres Quintero Planta baja 30/04/2022 11 LB2838 A4.2 246017 30/04/2022 30/04/2022 1 Libro
    Library of Congress Classification     Colección General Bib. Gregorio Torres Quintero Bib. Gregorio Torres Quintero Planta baja   1 LB2838 A4.2 246015 31/12/2020   1 Libro
    Library of Congress Classification     Colección General Bib. Gregorio Torres Quintero Bib. Gregorio Torres Quintero Planta baja   6 LB2838 A4.2 254929 31/12/2020   1 Libro
    Library of Congress Classification     Colección General Bib. Gregorio Torres Quintero Bib. Gregorio Torres Quintero Planta baja   2 LB2838 A4.2 254928 31/12/2020   1 Libro
    Library of Congress Classification     Colección General Bib. Gregorio Torres Quintero Bib. Gregorio Torres Quintero Planta baja   3 LB2838 A4.2 246016 31/12/2020   1 Libro